000 00548nam a2200181 4500
001 131832
003 ES-MaACL
005 20230906194044.0
007 t|
008 070214s1971 sp r ||||1| spa d
100 1 _aRodríguez Mendez, José María.
_9178383
245 1 0 _aEnsayo sobre el machismo español
_b: del `Escarramán` al `Pichi` /
_cJosé María Rodríguez Méndez.
250 _a1ª ed.
260 _aBarcelona :
_bPenínsula,
_c1971.
300 _a166 p. ;
_c19 cm.
852 _aES-MaACL
_jC-40281
_bR.77980
999 _c131832
_d131832